| 000 | 00741nam a2200205 a 4500 | ||
|---|---|---|---|
| 005 | 20240808063811.0 | ||
| 008 | 991125s1955 was 000 0 spa u | ||
| 035 | _aUPN01000019839 | ||
| 049 | _aCG | ||
| 050 | 4 |
_aS531 _bU6.4 1955 |
|
| 245 | 0 | 3 |
_aLa enseñanza agrícola en la escuela primaria / _cUnión Panamericana, Departamento de Asuntos Culturales. |
| 260 |
_aWashington, D.C. : _bUnión Panamericana, _c1955. |
||
| 300 | _a102 p. | ||
| 440 | 0 |
_aBiblioteca panamericana del maestro ; _v2 |
|
| 500 | _aDisponible en la Colección Medina | ||
| 650 | 4 |
_aAgricultura _xEstudio y enseñanza (Elemental) _92004 |
|
| 650 | 4 |
_aEducación agrícola _931 |
|
| 710 | 2 |
_aUnión Panamericana. _bDepartamento de Asuntos Culturales |
|
| 905 | _aLibro | ||
| 999 |
_c19839 _d19839 |
||